| 000 | 00719nam a22001937a 4500 | ||
|---|---|---|---|
| 005 | 20180725112000.0 | ||
| 010 | _aENG-123592 | ||
| 020 |
_c2560.00 _a9788181714381 |
||
| 035 | _aEN-107124 | ||
| 037 | _bDBAD/PUB | ||
| 082 | _a591.95421 | ||
| 245 |
_aFaunal diversity of singhori wildlife sanctuary district raisen, madhya pradesh / / _ced. by The Director, Zoological Survey of India |
||
| 260 |
_aKolkata _c2016 _bZoological Survey of India |
||
| 270 |
_aM-Block, New Alipore, _e700043 _bKolkata |
||
| 300 |
_a394p. _c26cm.(Hb) _bill.(pictures) |
||
| 490 | _aConsevation Area Series, 57: 1-394=28 Plates | ||
| 700 | _aThe Director, Zoological Survey of India | ||
| 942 |
_2ddc _cEN _h591.95421 _mCHA |
||
| 999 |
_c154779 _d154779 |
||